01513aam a2200313 450000100060000000300100000600500170001600800410003302000220007404000470009604100080014308200230015110000320017424500980020626400570030426400110036130000320037233600220040433700190042633800210044550000350046650400330050150504300053456300140096465000650097894200070104395201320105099900170118220445CO-MdFUSB20241002062721.0170511t20092010xxuohabg |||| 00| 0 eng d a978-0-8006-6266-0 aCO-MdFUSBbspacCO-MdFUSBdCO-MdFUSBCerda aeng 224aG 270.1bR159r1 aRäisänen, Heikkeeautor14aThe Rise of Christian beliefsb: The thought world of early Christiansc/ Heikki Räisänen 1aMinneapolis, Minnesota : bFortress Press, c℗2009 4c©2010 axxiv, 479 páginasb: c;  2rdacontenta1ba1 2rdamediaa2b5 2rdacarriera2b5 aIncluye índices (p. 435-479) aBibliografía (p. 407- 434)00aEl judaísmo del segundo templo - La religión y la filosofía grecorromana - Eventos, personas, fuentes - Dios, la historia y más allá - El destino del individuo - La condición humana - Diferentes rutas de acceso a la salvación - El mediador de la salvación - Experiencias y doctrinas del Espíritu - Desde la identidad judía hasta la identidad cristiana - Cristianos y paganos - Hacia la ortodoxia cristiana aRústico 7aCristianismoxHistoriay0030-0600 (Iglesia primitiva)29217 cBK 00102ddc40708GENaFUSBCbFUSBCd2015-07-27l0oG 270.1 R159rp20437r2021-11-11 00:00:00tEj. 1w2016-01-26yBKB0IINV2023 c46796d46796